100 best solitaire games / (Record no. 1284)

MARC details
000 -LEADER
fixed length control field 00823cam a22002774a 4500
005 - DATE AND TIME OF LATEST TRANSACTION
control field 20260322212054.0
008 - FIXED-LENGTH DATA ELEMENTS--GENERAL INFORMATION
fixed length control field data
010 ## - LIBRARY OF CONGRESS CONTROL NUMBER
LC control number 2003109496
020 ## - INTERNATIONAL STANDARD BOOK NUMBER
International Standard Book Number 9781580423267
020 ## - INTERNATIONAL STANDARD BOOK NUMBER
International Standard Book Number 9781580421157
040 ## - CATALOGING SOURCE
Original cataloging agency DLC
Transcribing agency DLC
Modifying agency DLC
042 ## - AUTHENTICATION CODE
Authentication code pcc
050 00 - LIBRARY OF CONGRESS CALL NUMBER
Classification number GV1261
Item number .L44 2004
082 00 - DEWEY DECIMAL CLASSIFICATION NUMBER
Classification number 795.4/3
Edition information 22
092 ## - LOCALLY ASSIGNED DEWEY CALL NUMBER (OCLC)
Classification number 795.4 Lee 2015
001 - CONTROL NUMBER
control field data
100 1# - MAIN ENTRY--PERSONAL NAME
Personal name Lee, Sloane.
245 10 - TITLE STATEMENT
Title 100 best solitaire games /
Statement of responsibility, etc. Sloane Lee & Gabriel Packard.
246 3# - VARYING FORM OF TITLE
Title proper/short title One hundred best solitaire games
246 0# - VARYING FORM OF TITLE
Display text Subtitle on cover:
Title proper/short title 100 ways to entertain yourself with a deck of cards
250 ## - EDITION STATEMENT
Edition statement 1st ed.
260 ## - PUBLICATION, DISTRIBUTION, ETC.
Place of publication, distribution, etc. New York :
Name of publisher, distributor, etc. Distributed by Simon & Schuster,
-- Distributed by Simon & Schuster,
Date of publication, distribution, etc. c2015.
300 ## - PHYSICAL DESCRIPTION
Extent 188 p. :
Other physical details ill. ;
Dimensions 22 cm.
650 #0 - SUBJECT ADDED ENTRY--TOPICAL TERM
Topical term or geographic name entry element Solitaire (Game)
700 1# - ADDED ENTRY--PERSONAL NAME
Personal name Packard, Gabriel.
Holdings
Withdrawn status Lost status Damaged status Not for loan Home library Current library Shelving location Date acquired Total checkouts Full call number Barcode Date last seen Price effective from Koha item type
        Fairview Fairview General stacks 22/03/2026   795.4/3 22 BC0011327 22/03/2026 22/03/2026 Books